La ciencia del caos (Registro nro. 14121)

Detalles MARC
000 -Cabecera
Campo de control interno 00411nam a2200181Ia 4500
005 - Fecha y hora del registro
control field 20260306164851.0
008 - Elementos de Longitud Fija
fixed length control field 260306t1996||||xx |||||||||||||| ||spa||
041 ## - Idioma
Codigo Idioma ESP
082 ## - DEWEY y NOTACIÓN INTERNA
Dewey 500
Notación Interna S29
100 ## - AUTOR
Autor denominación Schifter, Isaac,
Término de relación autor
245 #0 - TÍTULO DE MATERIAL BIBLIOGRÁFICO
Título La ciencia del caos
260 ## - CIUDAD, EDITORIAL, AÑO
Año 1996
300 ## - DESCRIPCIÓN
N° Páginas 106 páginas :
Dimensiones 22 cm.
650 ## - TEMAS
Temas Generalidades
654 ## - PROGRAMAS
Programa Dpto. de Ciencias Naturales
942 ## - ELEMENTOS DE KOHA
Tipo de documento Libro
Nombre del creador Justo Noguera
Código de catalogador Justo Noguera
Esquema de clasificación Dewey Decimal Classification
Suppress in OPAC
Existencias
Codigo completo Registro Colección Copia número Disponibilidad Tipo de préstamo Biblioteca Actual Procedencia (Biblioteca) Ubicacón Fecha Ingreso Tipo de Adquisición Date last seen Total checkouts Date last checked out Price effective from Tipo de Item Estado del Material Fuente de Clasificación Damaged status Withdrawn status
500 S29 1081483 Universidad Católica San Pablo 1 Disponible Disponible Víctor Andrés Belaunde Víctor Andrés Belaunde Segundo piso 03/06/2026 Donación 25/04/2026 1 24/04/2026 06/03/2026 Libro Bueno Dewey Decimal Classification